[Event "Open A Befana"]
[Site "Milano ITA"]
[Date "2012.01.04"]
[Round "3"]
[White "Astengo, Corrado"]
[Black "Bemporad, Filippo"]
[Result "1-0"]
[WhiteElo "2109"]
[BlackElo "2055"]
[PlyCount "43"]
[EventDate "2012.01.02"]

1. e4 c5 2. Nf3 d6 3. d4 cxd4 4. Nxd4 Nf6 5. Nc3 a6 6. Bg5 Nbd7 7. f4 Qc7 8.
Qf3 e6 9. O-O-O b5 10. e5 Bb7 11. Qh3 dxe5 12. Nxe6 Qb6 13. Nxf8 Nxf8 14. fxe5
Ne4 15. Nxe4 Bxe4 16. Bd3 Bxd3 17. Rxd3 Qg6 18. Bd2 Ne6 19. Bb4 a5 20. Qf3 Nc7
21. Bd6 Rc8 22. Qc6+ 1-0

[Event "Open A Befana"]
[Site "Milano ITA"]
[Date "2012.01.04"]
[Round "3"]
[White "Bozzali, Ermanno"]
[Black "Vezzosi, Paolo"]
[Result "1/2-1/2"]
[WhiteElo "2110"]
[BlackElo "2282"]
[PlyCount "125"]
[EventDate "2012.01.02"]

1. e4 c5 2. Nf3 Nc6 3. d4 cxd4 4. Nxd4 Qb6 5. Nb3 Nf6 6. Nc3 e6 7. Qe2 Bb4 8.
Bd2 O-O 9. a3 Be7 10. O-O-O d5 11. e5 Nd7 12. f4 a6 13. Be3 Qc7 14. Qh5 Rd8 15.
h4 b5 16. Rh3 b4 17. axb4 Nxb4 18. Rg3 Bb7 19. Qh6 Bf8 20. Bd4 Rac8 21. Bd3
Nxd3+ 22. Rdxd3 Kh8 23. Qg5 Nb8 24. Bc5 g6 25. Bxf8 Rxf8 26. h5 Nd7 27. hxg6
fxg6 28. Qh6 Rg8 29. Rd1 Nf8 30. Nd4 Qe7 31. Nf3 Rc4 32. Rd4 Rg7 33. Rh3 Kg8
34. Rh1 Rxd4 35. Nxd4 Qb4 36. Rd1 Bc8 37. Nb3 Rc7 38. Rd4 Rc4 39. Rxc4 Qxc4 40.
Nd2 Qd4 41. Qh2 g5 42. fxg5 Ng6 43. Nf3 Qe3+ 44. Kb1 d4 45. Nd1 Qe2 46. Qg1 d3
47. cxd3 Qxd3+ 48. Ka1 Bb7 49. Nc3 Bxf3 50. gxf3 Nxe5 51. Qb6 Nxf3 52. Qxe6+
Kf8 53. Qf6+ Ke8 54. Qe6+ Kd8 55. Qb6+ Kd7 56. Qb7+ Ke6 57. Qg7 Nd2 58. Qf6+
Kd7 59. Qf7+ Kc6 60. Qe6+ Kb7 61. Qe7+ Kc6 62. Qe6+ Kb7 63. Qe7+ 1/2-1/2

[Event "Open A Befana"]
[Site "Milano ITA"]
[Date "2012.01.04"]
[Round "3"]
[White "Cazzaniga, Walter"]
[Black "Gonella, Daniele"]
[Result "1-0"]
[WhiteElo "2128"]
[BlackElo "2100"]
[PlyCount "105"]
[EventDate "2012.01.02"]

1. d4 d5 2. Nf3 Nf6 3. c4 e6 4. Nc3 Be7 5. Bg5 h6 6. Bh4 O-O 7. e3 b6 8. Be2
Bb7 9. Bxf6 Bxf6 10. cxd5 exd5 11. b4 c6 12. Qb3 a5 13. bxa5 Rxa5 14. a4 Bc8
15. O-O Re8 16. Rab1 Bf5 17. Rb2 Nd7 18. Rc1 Qa8 19. Nd2 Kh8 20. Bf3 Be6 21.
Qd1 Ra7 22. Nb3 Be7 23. Ra1 f5 24. Rba2 Bd6 25. Qc2 Nf6 26. Ne2 Ne4 27. Bh5 Bf7
28. Bxf7 Rxf7 29. a5 b5 30. Nf4 Bxf4 31. exf4 Nd6 32. Nc5 Nc4 33. g3 Qa7 34. a6
g6 35. Qc3 Rfe7 36. Nd3 Re4 37. Ne5 Nxe5 38. fxe5 Qxd4 39. Qxc6 Qxe5 40. Qxg6
f4 41. Qxh6+ Kg8 42. Qg6+ Kh8 43. a7 Ra8 44. Qh6+ Kg8 45. Ra6 Kf7 46. Qg6+ Ke7
47. Qh7+ Kf8 48. Qb7 Re1+ 49. Rxe1 Qxe1+ 50. Kg2 f3+ 51. Kh3 Qf1+ 52. Kh4 Qc4+
53. g4 1-0

[Event "Open A Befana"]
[Site "Milano ITA"]
[Date "2012.01.04"]
[Round "3"]
[White "Doric, Nenad"]
[Black "Cani, Gazmir"]
[Result "1-0"]
[WhiteElo "2327"]
[BlackElo "2150"]
[PlyCount "107"]
[EventDate "2012.01.02"]

1. g3 Nf6 2. Bg2 d5 3. Nf3 g6 4. b3 Bg7 5. Bb2 O-O 6. c4 c6 7. O-O Nbd7 8. Qc2
Re8 9. d4 a6 10. Nbd2 Ra7 11. Rfe1 Nf8 12. Ne5 Bf5 13. Qc3 Ra8 14. Rad1 Rc8 15.
Qc1 Ne6 16. e4 dxe4 17. Nxe4 Bxe4 18. Bxe4 Nxe4 19. Rxe4 c5 20. d5 Nd4 21. Bxd4
cxd4 22. Rdxd4 Qa5 23. Qd2 Qc7 24. Qe2 f6 25. d6 exd6 26. Nd3 Qd7 27. Rxe8+
Rxe8 28. Rxd6 Qxd6 29. Qxe8+ Bf8 30. Nf4 Qe7 31. Qxe7 Bxe7 32. Nd5 Bd8 33. Kg2
Kf7 34. Kf3 Ke6 35. Ke4 f5+ 36. Kd4 g5 37. f3 h5 38. h3 g4 39. hxg4 fxg4 40.
fxg4 hxg4 41. Ke4 Kd6 42. b4 a5 43. a3 axb4 44. axb4 Bg5 45. Nf4 Kc6 46. Kf5
Be7 47. Nd3 b5 48. Ne5+ Kd6 49. cxb5 Kc7 50. Nc4 Bxb4 51. Kxg4 Be1 52. Kf4 Bf2
53. g4 Bg1 54. Kf5 1-0

[Event "Open A Befana"]
[Site "Milano ITA"]
[Date "2012.01.04"]
[Round "3"]
[White "Fercec, Nenad"]
[Black "Lanzani, Mario"]
[Result "1-0"]
[WhiteElo "2462"]
[BlackElo "2347"]
[PlyCount "75"]
[EventDate "2012.01.02"]

1. e4 e5 2. Nf3 Nc6 3. Bb5 Nf6 4. O-O Nxe4 5. d4 Nd6 6. Bxc6 dxc6 7. dxe5 Nf5
8. Qxd8+ Kxd8 9. Nc3 h6 10. h3 Bd7 11. Ne4 b6 12. g4 Ne7 13. Ng3 Kc8 14. Nh2 g5
15. Nh5 Ng6 16. Re1 Kb7 17. Kg2 Be6 18. Bd2 a5 19. a3 Rd8 20. Rad1 Be7 21. Kg3
Rd5 22. Bc3 Rhd8 23. Rxd5 cxd5 24. Nf3 c5 25. Bd2 d4 26. Ng7 Bd5 27. Nf5 Bf8
28. h4 Bxf3 29. Kxf3 Re8 30. hxg5 hxg5 31. Bxg5 Nxe5+ 32. Kg3 Re6 33. Rh1 Rg6
34. f4 Nc4 35. Rh7 Kc6 36. Be7 Ne3 37. Nxe3 Bxe7 38. Nf5 1-0

[Event "Open A Befana"]
[Site "Milano ITA"]
[Date "2012.01.04"]
[Round "3"]
[White "Martinez, Rolly"]
[Black "Zufic, Miroslav"]
[Result "1-0"]
[WhiteElo "2422"]
[BlackElo "2427"]
[PlyCount "155"]
[EventDate "2012.01.02"]

1. e4 c5 2. Nf3 d6 3. d4 Nf6 4. Nc3 cxd4 5. Nxd4 a6 6. h3 e5 7. Nde2 h5 8. Bg5
Be6 9. f4 Be7 10. Qd2 Nbd7 11. Ng3 Rc8 12. Bd3 h4 13. Nge2 b5 14. a3 Nb6 15. b3
Nh5 16. Bxe7 Qxe7 17. a4 b4 18. Qe3 Nc4 19. bxc4 bxc3 20. fxe5 dxe5 21. c5 Qxc5
22. Qxc5 Rxc5 23. Bxa6 Bc4 24. Bxc4 Rxc4 25. O-O Rxe4 26. Nxc3 Rc4 27. Nb5 Ke7
28. Rxf7+ Kxf7 29. Nd6+ Ke6 30. Nxc4 Rc8 31. Ne3 Ra8 32. a5 Ra6 33. Ra4 Nf6 34.
Kf2 e4 35. Ng4 Kd5 36. Ke3 Nd7 37. Nf2 Nc5 38. Rd4+ Ke5 39. Nxe4 Rxa5 40. Nxc5
Rxc5 41. c4 g5 42. Re4+ Kf5 43. Rg4 Ke6 44. Kd4 Kd6 45. Re4 Rf5 46. Rg4 Re5 47.
Kd3 Kc5 48. Rd4 Rf5 49. Rd8 Re5 50. Rg8 Kd6 51. Rf8 Kc5 52. Rf6 g4 53. hxg4 Re1
54. Rf5+ Kd6 55. g5 Rg1 56. Rf2 h3 57. gxh3 Rxg5 58. Kd4 Rh5 59. Rf6+ Kd7 60.
Rf3 Kc6 61. Rc3 Rh4+ 62. Ke5 Kc5 63. Kf6 Rh8 64. Kg5 Rg8+ 65. Kf4 Rf8+ 66. Kg3
Rg8+ 67. Kf2 Rh8 68. Kg2 Rh7 69. Rc1 Rh8 70. Kg3 Rg8+ 71. Kf4 Rf8+ 72. Kg5 Rg8+
73. Kf6 Rh8 74. Rh1 Rh4 75. Kg5 Rxc4 76. Rd1 Re4 77. h4 Re5+ 78. Kg6 1-0

[Event "Open A Befana"]
[Site "Milano ITA"]
[Date "2012.01.04"]
[Round "3"]
[White "Miracola, Massimiliano"]
[Black "Petrone, Gianmario"]
[Result "1-0"]
[WhiteElo "2084"]
[BlackElo "1933"]
[PlyCount "57"]
[EventDate "2012.01.02"]

1. e4 c5 2. Nf3 d6 3. d4 cxd4 4. Nxd4 Nf6 5. Nc3 a6 6. Be3 e5 7. Nb3 Be6 8. f4
exf4 9. Bxf4 Nc6 10. Qe2 Ne5 11. h3 Be7 12. O-O-O Qc7 13. g4 O-O-O 14. Nd4 Nfd7
15. Nf5 Bf8 16. Bg5 f6 17. Be3 Kb8 18. Nd4 Bf7 19. Nd5 Qa5 20. Nb3 Qa4 21. Rd4
Qc6 22. Na5 Qc8 23. Rb4 Bxd5 24. exd5 b5 25. a4 Qc7 26. Nc6+ Nxc6 27. dxc6 Qxc6
28. Bg2 d5 29. axb5 1-0

[Event "Open A Befana"]
[Site "Milano ITA"]
[Date "2012.01.04"]
[Round "3"]
[White "Montani, Francesco"]
[Black "Cantu', Guido"]
[Result "1-0"]
[WhiteElo "2209"]
[BlackElo "1914"]
[PlyCount "51"]
[EventDate "2012.01.02"]

1. e4 c5 2. Nc3 Nc6 3. Bb5 g6 4. Bxc6 dxc6 5. d3 Bg7 6. f4 c4 7. Nf3 cxd3 8.
cxd3 Bg4 9. O-O Qb6+ 10. Kh1 O-O-O 11. Qc2 Qa6 12. Ne1 Kb8 13. Be3 Bd4 14. Bxd4
Rxd4 15. Qf2 Rd8 16. f5 gxf5 17. Qf4+ Ka8 18. exf5 Nf6 19. h3 h5 20. Nc2 Qxd3
21. Ne3 Rd4 22. Qe5 Rh6 23. Rad1 Bxd1 24. Rxd1 Ng4 25. hxg4 hxg4+ 26. Kg1 1-0

[Event "Open A Befana"]
[Site "Milano ITA"]
[Date "2012.01.04"]
[Round "3"]
[White "Nepi, Ezio"]
[Black "Astengo, Marcello"]
[Result "0-1"]
[WhiteElo "1934"]
[BlackElo "2030"]
[PlyCount "64"]
[EventDate "2012.01.02"]

1. d4 d5 2. c4 c6 3. Nf3 e6 4. Qc2 Nf6 5. g3 Bd6 6. Bg2 O-O 7. O-O Nbd7 8. Nbd2
e5 9. cxd5 cxd5 10. dxe5 Nxe5 11. Nxe5 Bxe5 12. Nf3 Bd6 13. Nd4 Be6 14. Qb3 Qd7
15. Bd2 Rac8 16. Rac1 b6 17. Bb4 Bc5 18. Bc3 Bh3 19. Rfd1 Rfd8 20. Rd3 Ne4 21.
Qd1 Bf5 22. Be1 Bg6 23. b4 Be7 24. Rxc8 Qxc8 25. Nf3 Qe6 26. h4 Bf6 27. a3 Qc6
28. Nd4 Qc4 29. e3 Nxf2 30. Bxf2 Qxd3 31. Qxd3 Bxd3 32. Bf1 Bxf1 0-1

[Event "Open A Befana"]
[Site "Milano ITA"]
[Date "2012.01.04"]
[Round "3"]
[White "Nicolo', Filippo"]
[Black "Guzzetti, Luigi Enrico"]
[Result "1-0"]
[WhiteElo "2049"]
[BlackElo "1905"]
[PlyCount "69"]
[EventDate "2012.01.02"]

1. e4 c5 2. Nc3 e6 3. f4 Nc6 4. Nf3 a6 5. g3 d6 6. Bg2 Nf6 7. O-O Be7 8. d3 Qc7
9. h3 b5 10. Qe2 Bb7 11. Qf2 O-O 12. g4 b4 13. Ne2 h6 14. g5 hxg5 15. Nxg5 Nh5
16. Qh4 Bxg5 17. fxg5 g6 18. Be3 Ne5 19. Rf2 Qe7 20. Raf1 d5 21. Ng3 Ng7 22.
Rf4 d4 23. Bc1 Ne8 24. Qh6 f6 25. gxf6 Nxf6 26. Qg5 Ned7 27. e5 Bxg2 28. exf6
Qf7 29. Kxg2 Rfd8 30. Rh4 Nf8 31. Ne4 Rd5 32. Qh6 Nh7 33. Ng5 Rxg5+ 34. Bxg5
Rd8 35. Qxh7+ 1-0

[Event "Open A Befana"]
[Site "Milano ITA"]
[Date "2012.01.04"]
[Round "3"]
[White "Seminara, Antonio"]
[Black "Pelizzola, Danilo"]
[Result "0-1"]
[WhiteElo "1989"]
[BlackElo "1963"]
[PlyCount "68"]
[EventDate "2012.01.02"]

1. d4 Nf6 2. Bg5 d5 3. c3 e6 4. Nd2 c5 5. e3 Nc6 6. f4 Be7 7. Bd3 b6 8. h3 Bb7
9. Ngf3 Rc8 10. O-O h6 11. Bh4 Qc7 12. Ne5 cxd4 13. exd4 Ne4 14. Bxe7 Nxd2 15.
Qxd2 Nxe5 16. Ba3 Nxd3 17. Qxd3 f5 18. Rae1 Kf7 19. g4 g6 20. Re5 Qc4 21. Qg3
h5 22. Qh4 Rce8 23. gxf5 gxf5 24. Rfe1 Qd3 25. Kf2 Ba6 26. R5e3 Qd2+ 27. Kf3
Bd3 28. Rxd3 Qxd3+ 29. Kf2 Qd2+ 30. Re2 Qd1 31. Bd6 Qh1 32. Be5 Rh6 33. Qg3 Rg8
34. Qf3 Qg1# 0-1

[Event "Open A Befana"]
[Site "Milano ITA"]
[Date "2012.01.04"]
[Round "3"]
[White "Swannie, Douglas"]
[Black "Motola, Jacopo"]
[Result "1-0"]
[WhiteElo "1932"]
[BlackElo "1945"]
[PlyCount "91"]
[EventDate "2012.01.02"]

1. d4 Nc6 2. c4 e5 3. d5 Nce7 4. Nc3 Ng6 5. Nf3 Nf6 6. a3 a5 7. e3 Bc5 8. Bd3
d6 9. h3 Bd7 10. Qc2 a4 11. Bd2 Qe7 12. Rg1 c6 13. g4 cxd5 14. cxd5 Qd8 15. Bf5
b5 16. h4 Nf8 17. Ng5 g6 18. Bxd7+ Qxd7 19. Nge4 Nxe4 20. Nxe4 Qd8 21. b4 axb3
22. Qxb3 Rb8 23. Bb4 Bxb4+ 24. Qxb4 Rb6 25. Rc1 h6 26. Rc6 Rxc6 27. dxc6 Ke7
28. Qxb5 Ne6 29. Ke2 Qa8 30. Rb1 Qxa3 31. Qb7+ Kf8 32. Qb4 Qa6+ 33. Qb5 Qa2+
34. Rb2 Qa8 35. Nxd6 Ke7 36. Nb7 Qc8 37. Rd2 Kf6 38. Nd6 Nd4+ 39. Rxd4 Qe6 40.
Ne4+ Kg7 41. Nc5 Qe7 42. Rd7 Qxh4 43. Qc4 h5 44. Qxf7+ Kh6 45. Qg7+ Kg5 46.
Qxe5+ 1-0

[Event "Open A Befana"]
[Site "Milano ITA"]
[Date "2012.01.04"]
[Round "3"]
[White "Virzi, Ettore"]
[Black "Gongalov, Bojan"]
[Result "1/2-1/2"]
[WhiteElo "1960"]
[BlackElo "2105"]
[PlyCount "31"]
[EventDate "2012.01.02"]

1. e4 Nf6 2. e5 Nd5 3. d4 d6 4. Nf3 dxe5 5. Nxe5 g6 6. Bc4 Be6 7. O-O Bg7 8.
Nd2 O-O 9. Re1 c5 10. dxc5 Nc7 11. Bf1 Qd5 12. Ndf3 Qxc5 13. Be3 Qd6 14. Qxd6
exd6 15. Nd3 Nc6 16. c3 1/2-1/2

[Event "Open A Befana"]
[Site "Milano ITA"]
[Date "2012.01.04"]
[Round "3"]
[White "Vuelban, Virgilio"]
[Black "Marholev, Dimitar"]
[Result "1/2-1/2"]
[WhiteElo "2347"]
[BlackElo "2370"]
[PlyCount "67"]
[EventDate "2012.01.02"]

1. e4 e5 2. Nf3 Nc6 3. d4 exd4 4. Nxd4 Bc5 5. Be3 Qf6 6. c3 Nge7 7. Bc4 Ne5 8.
Be2 Qg6 9. O-O O-O 10. Nd2 d6 11. Bh5 Qf6 12. f4 N5c6 13. N2b3 Bb6 14. Qd2 d5
15. e5 Qh4 16. Bf3 Bg4 17. Rae1 Bxf3 18. Rxf3 Nxd4 19. cxd4 Nf5 20. Bf2 Qg4 21.
h3 Qg6 22. Kh2 h5 23. Rg1 h4 24. g4 hxg3+ 25. Bxg3 Qh5 26. Rd3 f6 27. Bf2 Kf7
28. Rg4 Rh8 29. Kg1 Rag8 30. Rf3 Nh6 31. Rgg3 Nf5 32. Rg4 Nh6 33. Rgg3 Nf5 34.
Rg4 1/2-1/2

[Event "Open A Befana"]
[Site "Milano ITA"]
[Date "2012.01.05"]
[Round "4"]
[White "Astengo, Marcello"]
[Black "Gonella, Daniele"]
[Result "0-1"]
[WhiteElo "2030"]
[BlackElo "2100"]
[PlyCount "76"]
[EventDate "2012.01.02"]

1. d4 d5 2. c4 e6 3. Nc3 Nf6 4. cxd5 exd5 5. Bg5 Be7 6. e3 c6 7. Qc2 O-O 8. Bd3
h6 9. Bh4 b6 10. Nf3 Bb7 11. O-O Nbd7 12. Rac1 a6 13. Rfd1 Re8 14. Qe2 c5 15.
Bb1 c4 16. Qc2 b5 17. Ne5 Ne4 18. Nxd7 Qxd7 19. Bg3 g6 20. Be5 Nxc3 21. Qxc3 b4
22. Qd2 Rac8 23. Bf4 Bf8 24. Qe2 a5 25. g4 Rc6 26. Bc2 Rcc8 27. Bb1 Kg7 28. Qf3
Bd6 29. h4 Bxf4 30. exf4 Qe7 31. g5 Qe2 32. gxh6+ Kxh6 33. Qg3 Rc6 34. f5 Bc8
35. fxg6 fxg6 36. f3 Qe3+ 37. Kg2 Rce6 38. Rh1 Qd2+ 0-1

[Event "Open A Befana"]
[Site "Milano ITA"]
[Date "2012.01.05"]
[Round "4"]
[White "Cani, Gazmir"]
[Black "Miracola, Massimiliano"]
[Result "0-1"]
[WhiteElo "2150"]
[BlackElo "2084"]
[PlyCount "112"]
[EventDate "2012.01.02"]

1. d4 Nf6 2. c4 g6 3. Nc3 Bg7 4. e4 d6 5. Nf3 O-O 6. Be2 e5 7. O-O Nc6 8. d5
Ne7 9. b4 Ne8 10. a4 f5 11. c5 Nf6 12. Ba3 Nxe4 13. Nxe4 fxe4 14. Ng5 e3 15.
Ne4 exf2+ 16. Rxf2 Rxf2 17. Nxf2 Nf5 18. cxd6 cxd6 19. Ne4 Qh4 20. Qd3 Nd4 21.
g3 Qd8 22. Rc1 Bf5 23. Bf1 Bh6 24. Rc3 Qb6 25. Kh1 Rf8 26. Bg2 Bxe4 27. Qxe4
Rf2 28. h4 Nf5 29. a5 Qb5 30. Qd3 Qxd3 31. Rxd3 Rc2 32. b5 Be3 33. Kh2 Bc5 34.
Kh3 Bxa3 35. Rxa3 Rc5 36. Rb3 Nd4 37. Rb4 b6 38. axb6 axb6 39. Ra4 Nxb5 40.
Ra8+ Kf7 41. Rb8 Nc7 42. Rxb6 Nxd5 43. Rxd6 Nf6 44. Ra6 e4 45. Ra3 Re5 46. Re3
h5 47. g4 Nxg4 48. Re1 e3 49. Kg3 Nh6 50. Kf4 Kf6 51. Be4 Nf5 52. Ra1 e2 53.
Re1 Nxh4 54. Rxe2 g5+ 55. Ke3 Nf5+ 56. Kd3 g4 0-1

[Event "Open A Befana"]
[Site "Milano ITA"]
[Date "2012.01.05"]
[Round "4"]
[White "Cantu', Guido"]
[Black "Bemporad, Filippo"]
[Result "0-1"]
[WhiteElo "1914"]
[BlackElo "2055"]
[PlyCount "64"]
[EventDate "2012.01.02"]

1. e4 c5 2. Nf3 d6 3. d4 cxd4 4. Nxd4 Nf6 5. Nc3 e6 6. g4 Nc6 7. g5 Nd7 8. Rg1
Be7 9. Be3 O-O 10. Qh5 Re8 11. O-O-O Nxd4 12. Bxd4 e5 13. Be3 g6 14. Qf3 Nb6
15. h4 Be6 16. h5 Rc8 17. hxg6 fxg6 18. Bh3 Qd7 19. Bxe6+ Qxe6 20. Bxb6 axb6
21. Nd5 Bd8 22. Kb1 Rc6 23. Qb3 Kg7 24. Rg3 Rf8 25. Rh3 Rxf2 26. Rxh7+ Kxh7 27.
Qg3 Rcxc2 28. Rh1+ Kg8 29. Rh6 Rxb2+ 30. Kc1 Rxa2 31. Kb1 Rfb2+ 32. Kc1 Rf2 0-1

[Event "Open A Befana"]
[Site "Milano ITA"]
[Date "2012.01.05"]
[Round "4"]
[White "Montani, Francesco"]
[Black "Bozzali, Ermanno"]
[Result "1-0"]
[WhiteElo "2209"]
[BlackElo "2110"]
[PlyCount "97"]
[EventDate "2012.01.02"]

1. d4 d5 2. Nf3 Nf6 3. Bg5 c6 4. Bxf6 exf6 5. e3 Qb6 6. Qc1 Bf5 7. Be2 Nd7 8.
O-O Bd6 9. c4 dxc4 10. Nbd2 Qc7 11. Nxc4 O-O 12. Qd2 Nb6 13. Nxd6 Qxd6 14. Rfc1
Be4 15. Ne1 Rfd8 16. Nd3 Nd7 17. b4 b6 18. Qb2 Rdc8 19. Rc3 a5 20. bxa5 Rxa5
21. f3 Bxd3 22. Bxd3 c5 23. Bf5 Rb8 24. Bxd7 cxd4 25. Rc8+ Rxc8 26. Bxc8 dxe3
27. Qe2 Qc5 28. Bb7 Ra3 29. Rd1 g6 30. Bd5 Rc3 31. Bb3 b5 32. g3 h5 33. Kg2 Rc1
34. Rd3 Rc3 35. Rd8+ Kg7 36. Rd7 g5 37. Rxf7+ Kg6 38. Rd7 g4 39. Rd5 Qc6 40.
Rd4 f5 41. Bd1 h4 42. gxh4 Qc5 43. Rd8 Qc6 44. Bb3 f4 45. Rg8+ Kf6 46. Rxg4 Qd6
47. Qxb5 Rc5 48. Qe8 Rc2+ 49. Bxc2 1-0

[Event "Open A Befana"]
[Site "Milano ITA"]
[Date "2012.01.05"]
[Round "4"]
[White "Motola, Jacopo"]
[Black "Nepi, Ezio"]
[Result "1-0"]
[WhiteElo "1945"]
[BlackElo "1934"]
[PlyCount "39"]
[EventDate "2012.01.02"]

1. e4 c5 2. Nf3 d6 3. d4 cxd4 4. Qxd4 a6 5. c4 Nc6 6. Qd2 g6 7. Nc3 Bg7 8. b3
Nf6 9. Bb2 O-O 10. h3 Qa5 11. Bd3 Be6 12. O-O Rac8 13. Rac1 Nd7 14. a3 Qd8 15.
Ne2 Nc5 16. Bxg7 Nxb3 17. Qh6 Nxc1 18. Ng5 Nxe2+ 19. Bxe2 f6 20. Qxh7# 1-0

[Event "Open A Befana"]
[Site "Milano ITA"]
[Date "2012.01.05"]
[Round "4"]
[White "Pelizzola, Danilo"]
[Black "Virzi, Ettore"]
[Result "1-0"]
[WhiteElo "1963"]
[BlackElo "1960"]
[PlyCount "119"]
[EventDate "2012.01.02"]

1. e4 e5 2. Nf3 Nc6 3. Bb5 a6 4. Ba4 Nf6 5. d3 b5 6. Bb3 Bc5 7. Be3 d6 8. c3
Bxe3 9. fxe3 O-O 10. O-O Ne7 11. Nbd2 c5 12. Qe2 Ng6 13. Rae1 Bb7 14. Qf2 d5
15. exd5 Bxd5 16. d4 Bxb3 17. axb3 cxd4 18. exd4 exd4 19. Nxd4 Qb6 20. Ne4 Nxe4
21. Rxe4 f6 22. Nf3 Qxf2+ 23. Kxf2 Rfe8 24. Rd4 Kf7 25. Rfd1 Ne5 26. Nxe5+ Rxe5
27. Rd6 Re6 28. b4 Rae8 29. R1d2 Rxd6 30. Rxd6 Re6 31. Rd4 Ke7 32. Rh4 h6 33.
Rg4 g5 34. b3 h5 35. Rd4 Re5 36. c4 Re6 37. h4 g4 38. Rd5 bxc4 39. bxc4 Re4 40.
Rc5 Kd6 41. Rxh5 Rxc4 42. Ra5 Rxb4 43. Kg3 Ke6 44. h5 Kf7 45. Rxa6 Kg7 46. Kh4
Rb2 47. g3 Rh2+ 48. Kxg4 f5+ 49. Kg5 f4 50. Ra7+ Kf8 51. Kf6 Kg8 52. Kg6 Kf8
53. Rf7+ Kg8 54. Rxf4 Ra2 55. g4 Ra7 56. Rf6 Rb7 57. g5 Re7 58. Rd6 Rg7+ 59.
Kf6 Rf7+ 60. Ke6 1-0

[Event "Open A Befana"]
[Site "Milano ITA"]
[Date "2012.01.05"]
[Round "4"]
[White "Petrone, Gianmario"]
[Black "Swannie, Douglas"]
[Result "1/2-1/2"]
[WhiteElo "1933"]
[BlackElo "1932"]
[PlyCount "58"]
[EventDate "2012.01.02"]

1. e4 e5 2. Nf3 Nc6 3. Bb5 Nf6 4. O-O Bc5 5. Nxe5 Nxe5 6. d4 a6 7. Ba4 b5 8.
Bb3 Bxd4 9. Qxd4 d6 10. f4 c5 11. Qc3 Neg4 12. Bd5 Nxd5 13. exd5 O-O 14. b3 b4
15. Qb2 Qh4 16. h3 Re8 17. c4 Ne3 18. Bxe3 Rxe3 19. Nd2 Qe7 20. Nf3 Re2 21.
Qxe2 Qxe2 22. Rae1 Qxf1+ 23. Kxf1 Kf8 24. g4 a5 25. a4 bxa3 26. Ra1 Bd7 27.
Rxa3 a4 28. bxa4 Rxa4 29. Rxa4 Bxa4 1/2-1/2

[Event "Open A Befana"]
[Site "Milano ITA"]
[Date "2012.01.05"]
[Round "4"]
[White "Vezzosi, Paolo"]
[Black "Cazzaniga, Walter"]
[Result "1-0"]
[WhiteElo "2282"]
[BlackElo "2128"]
[PlyCount "53"]
[EventDate "2012.01.02"]

1. d4 Nf6 2. c4 g6 3. Nc3 Bg7 4. e4 d6 5. Be2 O-O 6. Be3 e5 7. Nf3 exd4 8. Nxd4
Re8 9. f3 Nc6 10. O-O Bd7 11. Qd2 a6 12. Rfd1 Rb8 13. Rac1 Nxd4 14. Bxd4 b5 15.
Nd5 bxc4 16. Bxc4 Nxd5 17. Bxd5 Bxd4+ 18. Qxd4 c5 19. Qc4 Qf6 20. Qxa6 Rxb2 21.
Bb3 Qg5 22. Rc2 Qe3+ 23. Kh1 Rxc2 24. Bxc2 Be6 25. Qxd6 Bxa2 26. Ba4 Re6 27.
Qb8+ 1-0

[Event "Open A Befana"]
[Site "Milano ITA"]
[Date "2012.01.05"]
[Round "4"]
[White "Zufic, Miroslav"]
[Black "Nicolo', Filippo"]
[Result "1-0"]
[WhiteElo "2427"]
[BlackElo "2049"]
[PlyCount "79"]
[EventDate "2012.01.02"]

1. e4 e5 2. Nf3 Nc6 3. Bb5 Nd4 4. Nxd4 exd4 5. O-O Bc5 6. d3 c6 7. Bc4 d5 8.
exd5 cxd5 9. Bb5+ Bd7 10. Bxd7+ Qxd7 11. Nd2 Ne7 12. Nb3 Bb6 13. a4 a5 14. c3
dxc3 15. bxc3 O-O 16. Be3 Bc7 17. Nd4 f5 18. f4 Nc6 19. Rb1 Rfe8 20. Qf3 Bd8
21. Rb5 Ne7 22. Rfb1 Rc8 23. R1b3 b6 24. h3 Rc5 25. Qf2 Bc7 26. Nf3 Rxb5 27.
Rxb5 Nc8 28. g3 Na7 29. Rb1 Qxa4 30. Ne5 Nb5 31. Bxb6 Nxc3 32. Re1 Bd6 33. Bc5
Bb8 34. Qb2 d4 35. Ra1 Qb5 36. Qxb5 Nxb5 37. Rxa5 Nc3 38. Ra8 Rc8 39. Bd6 Nb5
40. Bxb8 1-0

[Event "Open A Befana"]
[Site "Milano ITA"]
[Date "2012.01.06"]
[Round "5"]
[White "Astengo, Marcello"]
[Black "Petrone, Gianmario"]
[Result "1/2-1/2"]
[WhiteElo "2030"]
[BlackElo "1933"]
[PlyCount "82"]
[EventDate "2012.01.02"]

1. d4 Nf6 2. c4 g6 3. Nc3 Bg7 4. e4 d6 5. f3 O-O 6. Be3 Nc6 7. Nge2 a6 8. d5
Ne5 9. Ng3 c5 10. Be2 Qc7 11. O-O e6 12. f4 Ned7 13. dxe6 fxe6 14. Qd2 Nb6 15.
Rad1 Rd8 16. e5 Ne8 17. Nge4 d5 18. Nxc5 Bf8 19. N5a4 d4 20. Bxd4 Nxa4 21. Nxa4
b5 22. cxb5 axb5 23. Rc1 Qb8 24. Nc3 b4 25. Ne4 Bb7 26. Ng5 Ng7 27. Qe3 h6 28.
Bd3 hxg5 29. Bxg6 Nf5 30. Qh3 Rd7 31. fxg5 Be4 32. Bf2 Rxa2 33. g4 Nd4 34. Bxe4
Ne2+ 35. Kh1 Nxc1 36. Rxc1 Qxe5 37. Re1 Qxb2 38. Bg3 Ra1 39. Qf1 Rxe1 40. Qxe1
Qd2 41. Qf1 Qd1 1/2-1/2

[Event "Open A Befana"]
[Site "Milano ITA"]
[Date "2012.01.06"]
[Round "5"]
[White "Bemporad, Filippo"]
[Black "Nicolo', Filippo"]
[Result "1-0"]
[WhiteElo "2055"]
[BlackElo "2049"]
[PlyCount "123"]
[EventDate "2012.01.02"]

1. d4 e6 2. Nf3 f5 3. g3 Nf6 4. Bg2 d6 5. O-O Be7 6. c4 O-O 7. Nc3 a5 8. b3 Ne4
9. Bb2 Nxc3 10. Bxc3 Qe8 11. Qd3 Nd7 12. e4 f4 13. e5 d5 14. g4 g5 15. Nd2 Nb6
16. Bf3 Kg7 17. Kg2 Bd7 18. a4 Rh8 19. Bb2 Qf8 20. Rac1 c6 21. Rh1 Be8 22. Qe2
Bg6 23. h3 Qe8 24. Ra1 h5 25. Rag1 hxg4 26. hxg4 Qf7 27. c5 Nd7 28. Bc3 Nf8 29.
Qf1 Bh7 30. Be2 Ng6 31. Nf3 Nh4+ 32. Nxh4 gxh4 33. f3 Bc2 34. Bd1 Qg6 35. Qe2
Bxd1 36. Qxd1 Kf7 37. Rh3 Bg5 38. Qb1 Qxb1 39. Rxb1 Ra7 40. Rbh1 Raa8 41. Be1
b6 42. cxb6 Ra6 43. Bxh4 Bxh4 44. Rxh4 Rxh4 45. b7 Rb6 46. Rxh4 Kg6 47. Rh1
Rxb3 48. Rc1 Rxb7 49. Rxc6 Kf7 50. Kh3 Rb3 51. Kh4 Rxf3 52. Kg5 Rd3 53. Rc7+
Ke8 54. Kf6 Kd8 55. Rf7 Rxd4 56. Kxe6 f3 57. Rxf3 Rxg4 58. Kd6 Ke8 59. Rb3 d4
60. e6 Kf8 61. e7+ Kf7 62. Rf3+ 1-0

[Event "Open A Befana"]
[Site "Milano ITA"]
[Date "2012.01.06"]
[Round "5"]
[White "Bozzali, Ermanno"]
[Black "Gongalov, Bojan"]
[Result "1-0"]
[WhiteElo "2110"]
[BlackElo "2105"]
[PlyCount "107"]
[EventDate "2012.01.02"]

1. e4 Nf6 2. e5 Nd5 3. d4 d6 4. c4 Nb6 5. exd6 exd6 6. Nc3 Be7 7. Bd3 Nc6 8.
Nge2 Bg4 9. Be3 Bg5 10. Qd2 Bxe3 11. Qxe3+ Qe7 12. Qxe7+ Nxe7 13. h3 Bf5 14.
Bxf5 Nxf5 15. b3 O-O 16. Kd2 Nh4 17. Rhg1 f5 18. Nf4 Rae8 19. Rae1 Kf7 20. Nb5
Na8 21. d5 a6 22. Nd4 Re5 23. g3 Ng6 24. Nfe6 Rc8 25. Rxe5 Nxe5 26. f4 Ng6 27.
Nxf5 Kf6 28. Nfxg7 c6 29. Nh5+ Ke7 30. Re1 cxd5 31. cxd5 Kf7 32. Ng5+ Kg8 33.
Re6 Nc7 34. Rxd6 Ne7 35. Nf6+ Kg7 36. Nge4 Ne8 37. Nxe8+ Rxe8 38. Re6 Kf8 39.
d6 Nc6 40. Rxe8+ Kxe8 41. Nf6+ Kf7 42. Nxh7 Ke6 43. Ng5+ Kxd6 44. h4 Nd4 45. g4
Ke7 46. h5 Kf6 47. Kd3 Nb5 48. Ne4+ Kg7 49. g5 Nc7 50. f5 Nd5 51. f6+ Kf8 52.
Nd6 Nf4+ 53. Ke4 Nxh5 54. Kf5 1-0

[Event "Open A Befana"]
[Site "Milano ITA"]
[Date "2012.01.06"]
[Round "5"]
[White "Cazzaniga, Walter"]
[Black "Pelizzola, Danilo"]
[Result "0-1"]
[WhiteElo "2128"]
[BlackElo "1963"]
[PlyCount "74"]
[EventDate "2012.01.02"]

1. d4 Nf6 2. c4 e6 3. Nf3 d5 4. Nc3 Nbd7 5. Bg5 Be7 6. e3 O-O 7. cxd5 exd5 8.
Qc2 c6 9. Bd3 Re8 10. O-O-O Nf8 11. h3 Be6 12. Kb1 Ne4 13. Bxe7 Nxc3+ 14. Qxc3
Qxe7 15. Rc1 Qf6 16. Rc2 Bf5 17. Bxf5 Qxf5 18. Ne5 Nd7 19. g4 Qe6 20. Nd3 Qe7
21. Nf4 Nb6 22. h4 Nc4 23. Ka1 a5 24. b3 Nd6 25. Qc5 Qd7 26. g5 a4 27. Kb2 Ra6
28. Nd3 Rea8 29. Nb4 Ra5 30. Qc3 Rb5 31. f3 Qd8 32. Nd3 axb3 33. axb3 Qb6 34.
Nc5 Qa7 35. Kb1 b6 36. Rhh2 bxc5 37. Ra2 Ra5 0-1